vocabulaire grec ancien 6 - Statistiques

Statistiques générales
  • Ce quiz a été pris 12 fois
  • Le résultat moyen est 12 sur 21
Statistiques - réponses
Grec ancien Traduction % Correct
μικρός, ά, όν petit
100%
ὁ λόγος, ου le discours | la parole | la raison
88%
μόνος, η, ον seul
88%
ξένος, η, ον étranger
75%
(ὁ) Ὅμηρος, ου Homère
75%
ὁ οἶνος, ου le vin
75%
ὁ οἶκος, ου la maison | la propriété
63%
ὁ λίθος, ου la pierre
63%
ὁ ξένος, ου l’hôte | l’étranger
63%
ὁ μέν..., ὁ δέ... l’un… | l’autre… (μέν (post-positif) : cette particule annonce le lien avec la proposition qui suit, assuré par δέ)
63%
μέγιστος, η, ον très grand
63%
μακρός, ά, όν grand | long
50%
λείπω je laisse | j'abandonne
50%
νέος, α, ον jeune
50%
ὁ νόμος, ου la loi | l’usage
50%
νῦν maintenant
50%
μανθάνω j’apprends | je comprends
38%
τὸ ὅπλον, ου l'arme
38%
μεστός, ή, όν + génitif plein de | rempli de
38%
μάλιστα parfaitement
25%
νομίζω je pense | j'honore
13%
Aucun quiz correspondant
Distribution des résultats
% des personnes avec chaque résultat
Percentile par nombre de réponses
Votre historique - résultats
Vous n’avez pas pris ce quiz